=LDR 00000nam 2200000 4500 =001 000178 =020 $9786239020118 =082 $307.199 =100 $$a Ira Puspito Rini =245 $$a Buku pintar pemberdayaan wanita di wilayah pedesaan /$c Ira Puspito Rini =250 $Cetakan I =264 $Temanggung: Desa Pustaka Indonesia 2024 =300 $120 halaman; 20 cm. =650 $Komunitas =905 $307.2 IRA b =336 $$a =337 $$a =338 $$a =005 20260702151432.0 =008 260702s2026\\\\\\\\\\\\\\\\\\\\\\\\\\\\\\\\\\\\\\\\\